Chicago Bulls 2020s Top 10 Leaders - Statistics

General Stats
  • This quiz has been taken 224 times
    58 since last reset
  • The average score is 9 of 18
Answer Stats
Player % Correct
DeMar DeRozan
96%
Zach LaVine
96%
Nikola Vučević
94%
Josh Giddey
86%
Coby White
82%
Patrick Williams
76%
Alex Caruso
53%
Jalen Smith
49%
Matas Buzelis
49%
Tre Jones
45%
Lauri Markkanen
41%
Ayo Dosunmu
39%
Andre Drummond
27%
Dalen Terry
18%
Julian Phillips
14%
Daniel Gafford
12%
Thaddeus Young
12%
Tomáš Satoranský
10%
No matching quizzes found
Score Distribution
Percent of People with Each Score
Percentile by Number Answered
Your Score History
You have not taken this quiz since the last reset